Comparing irrigation schedule by trip on chilly pepper yield at Royal University of Agriculture; ប្រៀបធៀបពេលនៃការស្រោចស្រពដោយប្រព័ន្ឌតំណក់ទឹកលើទិន្នផលម្ទេសដៃនាង នៅសាកលវិទ្យាល័យភូមិន្ទកសិកម្ម (Record no. 10672)

000 -LEADER
fixed length control field 00676nam a22001337a 4500
040 ## - CATALOGING SOURCE
Transcribing agency RUA
082 ## - DEWEY DECIMAL CLASSIFICATION NUMBER
Classification number AGR PHU 2015 B521 Or.
100 ## - MAIN ENTRY--AUTHOR NAME
Personal name PHUONG NIN; ភួង និន
245 ## - TITLE STATEMENT
Title Comparing irrigation schedule by trip on chilly pepper yield at Royal University of Agriculture; ប្រៀបធៀបពេលនៃការស្រោចស្រពដោយប្រព័ន្ឌតំណក់ទឹកលើទិន្នផលម្ទេសដៃនាង នៅសាកលវិទ្យាល័យភូមិន្ទកសិកម្ម
260 ## - PUBLICATION, DISTRIBUTION, ETC. (IMPRINT)
Place of publication Phnom Penh
Name of publisher RUA
Year of publication 2015
300 ## - PHYSICAL DESCRIPTION
Number of Pages x; 46p;
Other physical details ill;
Dimensions 29cm;
856 ## - ELECTRONIC LOCATION AND ACCESS
Uniform Resource Identifier PHUONG NIN
942 ## - ADDED ENTRY ELEMENTS (KOHA)
Koha item type AGR
952 ## - LOCATION AND ITEM INFORMATION (KOHA)
Withdrawn status [LOCAL, KOHA] 0
952 ## - LOCATION AND ITEM INFORMATION (KOHA)
Withdrawn status [LOCAL, KOHA] 0
952 ## - LOCATION AND ITEM INFORMATION (KOHA)
Withdrawn status [LOCAL, KOHA] 0
952 ## - LOCATION AND ITEM INFORMATION (KOHA)
Withdrawn status [LOCAL, KOHA] 0
952 ## - LOCATION AND ITEM INFORMATION (KOHA)
Withdrawn status [LOCAL, KOHA] 0
952 ## - LOCATION AND ITEM INFORMATION (KOHA)
Withdrawn status [LOCAL, KOHA] 0
952 ## - LOCATION AND ITEM INFORMATION (KOHA)
Withdrawn status [LOCAL, KOHA] 0
952 ## - LOCATION AND ITEM INFORMATION (KOHA)
Withdrawn status [LOCAL, KOHA] 0
952 ## - LOCATION AND ITEM INFORMATION (KOHA)
Withdrawn status [LOCAL, KOHA] 0
952 ## - LOCATION AND ITEM INFORMATION (KOHA)
Withdrawn status [LOCAL, KOHA] 0
Holdings
Permanent Location Date acquired Koha item type Lost status Shelving location Barcode Current Location Full call number
Library Block B2016-11-01AGR B521RUA062010Library Block BAGR PHU 2015 B521 Or.1
Library Block B2016-11-01AGR B521A01605Library Block BAGR PHU 2015 B521 Or.2
Library Block B2016-11-01AGR B521A02039Library Block BAGR PHU 2015 B521 Or.3
Library Block B2016-11-01AGR B521A00432Library Block BAGR PHU 2015 B521 Or.4
Library Block B2016-11-01AGR B521A01822Library Block BAGR PHU 2015 B521 Or.5
Library Block B2016-11-01AGR B521RUA061424Library Block BAGR PHU 2015 B521 Or.6
Library Block B2016-11-01AGR B521A00738Library Block BAGR PHU 2015 B521 Or.7
Library Block B2016-11-01AGR B521A02535Library Block BAGR PHU 2015 B521 Or.8
Library Block B2021-10-11AGR B691A066483Library Block BAGR PHU 2015 B691 Or.
Library Block B2021-10-11AGR B691A066543Library Block BAGR PHU 2015 B691 Or.
មជ្ឈមណ្ឌលឯការនៃសាកលវិទ្យាល័យភូមិន្ទកសិកម្មចំការដូង

Powered by Koha